A odkud bych asi tak byl? : rusko očima zahraničního reportéra : autorské čtení /
Bývalý zpravodaj v Rusku vzpomíná na své působení v této zemi; pozornost věnuje ruské politice, historii, česko-ruským vztahům nebo každodennímu životu v různých částech Ruska.
Uloženo v:
| Hlavní autor: | |
|---|---|
| Další autoři: | |
| Médium: | E-audiokniha |
| Jazyk: | Czech |
| Vydáno: |
Praha :
Voxi,
[2023]
|
| Témata: | |
| Tagy: |
Žádné tagy |
| LEADER | 05407nim a2201237 ia4500 | ||
|---|---|---|---|
| 001 | 313174 | ||
| 003 | CZ PrSKC | ||
| 005 | 20260601215737.0 | ||
| 007 | sd fungnnmmned | ||
| 008 | 230522t20232023xr nnnng ag n cze | ||
| 015 | |a cnb003521717 | ||
| 024 | 3 | |a 8594050435766 | |
| 040 | |a ABA001 |b cze |e rda | ||
| 043 | |a e-xr--- |a e-ru--- | ||
| 045 | |a y1y2 | ||
| 072 | 7 | |a 070 |x Noviny. Tisk. Žurnalistika |2 Konspekt | |
| 072 | 7 | |a 929 |x Biografie |2 Konspekt | |
| 080 | |a 070.42-057.56 |2 MRF | ||
| 080 | |a 910.4 |2 MRF | ||
| 080 | |a 913(470+571) |2 MRF | ||
| 080 | |a 929 |2 MRF | ||
| 080 | |a (437.3) |2 MRF | ||
| 080 | |a (470+571) |2 MRF | ||
| 080 | |a (0:82-94) |2 MRF | ||
| 080 | |a (0:82-4) |2 MRF | ||
| 080 | |a (086.7)08 |2 MRF | ||
| 080 | |a (086.76) |2 MRF | ||
| 100 | 1 | |a Karas, Miroslav, |d 1962- |7 xx0266385 |4 aut |4 nrt | |
| 245 | 1 | 0 | |a A odkud bych asi tak byl? : |b rusko očima zahraničního reportéra : autorské čtení / |c Miroslav Karas |
| 246 | 3 | 0 | |a Rusko očima zahraničního reportéra |
| 264 | 1 | |a Praha : |b Voxi, |c [2023] | |
| 264 | 4 | |c ©2023 | |
| 300 | |a 2 audiodisky (13 hod., 18 min.) ; |c 12 cm | ||
| 306 | |a 131800 | ||
| 336 | |a mluvené slovo |b spw |2 rdacontent | ||
| 337 | |a audio |b s |2 rdamedia | ||
| 338 | |a audiodisk |b sd |2 rdacarrier | ||
| 344 | |a digital |b optical |2 rda | ||
| 347 | |a audio soubor |b MP3 |2 rda | ||
| 500 | |a Název z disku | ||
| 500 | |a Copyright Albatros Media | ||
| 500 | |a Nezkrácená audiokniha ve formátu mp3 | ||
| 500 | |a Podle stejnojmenné knihy vydané nakladatelstvím CPress v roce 2021 | ||
| 508 | |a Režie Ivo Martiník | ||
| 511 | 0 | |a Načetl Miroslav Karas | |
| 520 | 2 | |a Bývalý zpravodaj v Rusku vzpomíná na své působení v této zemi; pozornost věnuje ruské politice, historii, česko-ruským vztahům nebo každodennímu životu v různých částech Ruska. | |
| 600 | 1 | 7 | |a Karas, Miroslav, |d 1962- |7 xx0266385 |2 czenas |
| 648 | 7 | |a 20.-21. století |7 ch462155 |2 czenas | |
| 648 | 7 | |a 2011-2020 |7 ch460589 |2 czenas | |
| 648 | 4 | |a 2012-2020 | |
| 650 | 0 | 7 | |a zahraniční zpravodajové |7 ph585848 |z Česko |y 20.-21. století |2 czenas |
| 650 | 0 | 7 | |a cesty a pobyt |7 ph137578 |z Rusko |y 2011-2020 |2 czenas |
| 651 | 7 | |a Rusko |7 ge128566 |x reálie |2 czenas | |
| 655 | 7 | |a autobiografické vzpomínky |7 fd131854 |2 czenas | |
| 655 | 7 | |a reportáže |7 fd133252 |2 czenas | |
| 655 | 7 | |a audioknihy |7 fd119452 |2 czenas | |
| 655 | 7 | |a kompaktní disky |7 fd201991 |2 czenas | |
| 700 | 1 | |a Martiník, Ivo, |d 1979- |7 xx0245709 |4 drt | |
| 900 | |a ABA001 |b 18 | ||
| 044 | |a xr | ||
| 505 | 0 | 0 | |t A ODKUD BYCH ASI TAK BYL (4 min., 14 sek.) |
| 505 | 0 | 0 | |t A ODKUD BYCH ASI TAK BYL (4 min., 29 sek.) |
| 505 | 0 | 0 | |t A ODKUD BYCH ASI TAK BYL (18 min., 26 sek.) |
| 505 | 0 | 0 | |t A ODKUD BYCH ASI TAK BYL (5 min., 46 sek.) |
| 505 | 0 | 0 | |t A ODKUD BYCH ASI TAK BYL (8 min., 10 sek.) |
| 505 | 0 | 0 | |t A ODKUD BYCH ASI TAK BYL (12 min., 43 sek.) |
| 505 | 0 | 0 | |t A ODKUD BYCH ASI TAK BYL (10 min., 4 sek.) |
| 505 | 0 | 0 | |t A ODKUD BYCH ASI TAK BYL (15 min., 19 sek.) |
| 505 | 0 | 0 | |t A ODKUD BYCH ASI TAK BYL (20 min., 39 sek.) |
| 505 | 0 | 0 | |t A ODKUD BYCH ASI TAK BYL (27 min., 37 sek.) |
| 505 | 0 | 0 | |t A ODKUD BYCH ASI TAK BYL (26 min., 51 sek.) |
| 505 | 0 | 0 | |t A ODKUD BYCH ASI TAK BYL (26 min., 25 sek.) |
| 505 | 0 | 0 | |t A ODKUD BYCH ASI TAK BYL (28 min., 37 sek.) |
| 505 | 0 | 0 | |t A ODKUD BYCH ASI TAK BYL (41 min., 3 sek.) |
| 505 | 0 | 0 | |t A ODKUD BYCH ASI TAK BYL (27 min., 31 sek.) |
| 505 | 0 | 0 | |t A ODKUD BYCH ASI TAK BYL (24 min., 31 sek.) |
| 505 | 0 | 0 | |t A ODKUD BYCH ASI TAK BYL (21 min., 59 sek.) |
| 505 | 0 | 0 | |t A ODKUD BYCH ASI TAK BYL (27 min., 18 sek.) |
| 505 | 0 | 0 | |t A ODKUD BYCH ASI TAK BYL (16 min., 36 sek.) |
| 505 | 0 | 0 | |t A ODKUD BYCH ASI TAK BYL (16 min., 38 sek.) |
| 505 | 0 | 0 | |t A ODKUD BYCH ASI TAK BYL (10 min., 24 sek.) |
| 505 | 0 | 0 | |t A ODKUD BYCH ASI TAK BYL (18 min., 34 sek.) |
| 505 | 0 | 0 | |t A ODKUD BYCH ASI TAK BYL (33 min., 49 sek.) |
| 505 | 0 | 0 | |t A ODKUD BYCH ASI TAK BYL (33 min., 48 sek.) |
| 505 | 0 | 0 | |t A ODKUD BYCH ASI TAK BYL (6 min., 15 sek.) |
| 505 | 0 | 0 | |t A ODKUD BYCH ASI TAK BYL (17 min., 27 sek.) |
| 505 | 0 | 0 | |t A ODKUD BYCH ASI TAK BYL (16 min., 38 sek.) |
| 505 | 0 | 0 | |t A ODKUD BYCH ASI TAK BYL (28 min., 39 sek.) |
| 505 | 0 | 0 | |t A ODKUD BYCH ASI TAK BYL (31 min., 9 sek.) |
| 505 | 0 | 0 | |t A ODKUD BYCH ASI TAK BYL (9 min., 28 sek.) |
| 505 | 0 | 0 | |t A ODKUD BYCH ASI TAK BYL (9 min., 57 sek.) |
| 505 | 0 | 0 | |t A ODKUD BYCH ASI TAK BYL (7 min., 5 sek.) |
| 505 | 0 | 0 | |t A ODKUD BYCH ASI TAK BYL (20 min., 5 sek.) |
| 505 | 0 | 0 | |t A ODKUD BYCH ASI TAK BYL (12 min., 15 sek.) |
| 505 | 0 | 0 | |t A ODKUD BYCH ASI TAK BYL (31 min., 0 sek.) |
| 505 | 0 | 0 | |t A ODKUD BYCH ASI TAK BYL (43 min., 24 sek.) |
| 505 | 0 | 0 | |t A ODKUD BYCH ASI TAK BYL (10 min., 58 sek.) |
| 505 | 0 | 0 | |t A ODKUD BYCH ASI TAK BYL (10 min., 54 sek.) |
| 505 | 0 | 0 | |t A ODKUD BYCH ASI TAK BYL (12 min., 7 sek.) |
| 505 | 0 | 0 | |t A ODKUD BYCH ASI TAK BYL (12 min., 32 sek.) |
| 505 | 0 | 0 | |t A ODKUD BYCH ASI TAK BYL (22 min., 43 sek.) |
| 505 | 0 | 0 | |t A ODKUD BYCH ASI TAK BYL (9 min., 46 sek.) |
| 505 | 0 | 0 | |t A ODKUD BYCH ASI TAK BYL (3 min., 11 sek.) |
| 910 | |a RBIT002 | ||
| 998 | |d 387581 |a https://core.palmknihy.cz/api/books/387581/cover?skd7so |b https://core.palmknihy.cz/api/books/387581/cover/400?skd7so |c https://core.palmknihy.cz/api/books/387581/cover/50?skd7so |e 2031-12-31 |i 8594050435766 |l 47880 |q 49 |r 1 |s https://www.palmknihy.cz/kniha/387581 |t audiobook |y 2023 |z 0 | ||
| 999 | |d 313172 | ||